Score 0/16 Timer 04:00
0 Plays Today
% Correct
Iron Man
96%
The Iron Lady
89.4%
Iron Cross
85%
Waffle Iron
84.6%
Golf Iron
81.5%
The Iron Giant
70.4%
Iron Curtain
68.5%
Iron Throne
67.6%
% Correct
Iron ore
67.3%
Iron Maiden
65.7%
Gridiron
64.5%
Ironside
59.9%
Iron Chef
59.5%
The Flatiron Building
43.7%
Ironclad warship
27.8%
Iron Pyrite
25.7%
Remove Ads.
Support Sporcle.
Get the best of Sporcle when you Go Orange. This ad-free experience offers more features, more stats, and more fun while also helping to support Sporcle. Thank you for becoming a member.

You're not logged in!

Compare scores with friends on all Sporcle quizzes.
OR
Log In

Show Comments

Extras

Top Quizzes Today


Score Distribution

Your Account Isn't Verified!

In order to create a playlist on Sporcle, you need to verify the email address you used during registration. Go to your Sporcle Settings to finish the process.

Report this User

Report this user for behavior that violates our Community Guidelines.

Details: